Normal view
MARC view
Entry Topical Term
001 - CONTROL NUMBER
- control field: 27596
003 - CONTROL NUMBER IDENTIFIER
- control field: OSt
005 - DATE AND TIME OF LATEST TRANSACTION
- control field: 20210923163540.0
008 - FIXED-LENGTH DATA ELEMENTS
- fixed length control field: 210923|| aca||aabn | a|a d
040 ## - CATALOGING SOURCE
- Original cataloging agency: OSt
- Transcribing agency: OSt
150 ## - HEADING--TOPICAL TERM
- Topical term or geographic name entry element: Algorithms, Biopower, Gig economy, Platform capitalism, Resistance, Uber
670 ## - SOURCE DATA FOUND
- Source citation: Work cat.: (OSt): Walker, Michael Fleming, Peter Berti, Marco 27595, ‘You can’t pick up a phone and talk to someone’: How algorithms function as biopower in the gig economy
